000 01144cam a2200301 4500
001 J119227
008 020806n1999 000 0 eng u
035 _a(Sirsi) u119227
041 _aeng.
100 _aLay, R.
110 _aRoyal Institution of Chartered Surveyors
_94900
245 _aRICS Agenda for Change: key documents
260 _aLondon
_bRICS
_c1998-1999
300 _a9 booklets and leaflets in folder
_c32cm.
505 _aAgenda for Change: strategy development process 1998-2001
505 _aThe Agenda for Change: 1998 Presidential Address - Richard Lay
505 _aAgenda for Change: first progress report 1998
505 _aAgenda for Change: second progress report 1998
505 _aAgenda for Change - third progress report - February 1999
505 _aAgenda for Change - fourth progress report - April 1999
505 _aThe Values of Change: 1999 Presidential Address - Simon Kolesar
505 _aThinking globally acting locally - June 1999
505 _aThe agenda for the RICS/ISVA merger
650 _aAGENDA FOR CHANGE
690 _aRICS NEWS
700 _aKolesar, S.
942 _n0
999 _c102274
_d102274